|
|
|
|
| LEADER |
01895nam a2200493 a 4500 |
| 001 |
nkc20061686610 |
| 003 |
CZ PrNK |
| 005 |
20061018141310.0 |
| 007 |
ta |
| 008 |
060823s2004 xr e f 000 0 cze |
| 015 |
|
|
|a cnb001686610
|
| 020 |
|
|
|a 80-7302-070-X
|q (brož.)
|
| 035 |
|
|
|a (OCoLC)85554511
|
| 040 |
|
|
|a BOA001
|b cze
|
| 043 |
|
|
|a e-xr---
|b e-xr-jm
|2 czenas
|
| 072 |
|
7 |
|a 323
|x Vnitropolitický vývoj, politický život
|2 Konspekt
|9 15
|
| 080 |
|
|
|a 323.15
|2 MRF
|
| 080 |
|
|
|a 323.113:061.2
|2 MRF
|
| 080 |
|
|
|a 323.1
|2 MRF
|
| 080 |
|
|
|a (437.322)
|2 MRF
|
| 080 |
|
|
|a (036)
|2 MRF
|
| 100 |
1 |
|
|a Balcárek, Pavel,
|d 1940-2015
|7 jn19981228025
|4 aut
|
| 245 |
1 |
0 |
|a Národnostní menšiny /
|c Pavel Balcárek, Danuše Meluzínová
|
| 250 |
|
|
|a 1. vyd.
|
| 260 |
|
|
|a Brno :
|b Konvoj :
|c 2004
|
| 300 |
|
|
|a 50 s. ;
|c 21 cm
|
| 500 |
|
|
|a Pod názvem: Moravskoslezská akademie pro vzdělání, vědu a umění, Moravské zemské muzeum
|
| 504 |
|
|
|a Obsahuje bibliografii
|
| 650 |
0 |
7 |
|a národnostní menšiny
|7 ph123424
|z Česko
|2 czenas
|
| 650 |
0 |
7 |
|a krajanské spolky a organizace
|7 ph115005
|z Česko
|2 czenas
|
| 650 |
0 |
9 |
|a national minorities
|z Czechia
|2 eczenas
|
| 650 |
0 |
9 |
|a associations of fellow-countrymen
|z Czechia
|2 eczenas
|
| 655 |
|
7 |
|a informační publikace
|7 fd132454
|2 czenas
|
| 655 |
|
9 |
|a information publications
|2 eczenas
|
| 651 |
|
7 |
|a Brno (Česko)
|7 ge134084
|x národnostní poměry
|2 czenas
|
| 651 |
|
9 |
|a Brno (Czechia)
|x nationalities relations
|2 eczenas
|
| 700 |
1 |
|
|a Meluzínová, Danuše
|7 ola2006345528
|4 aut
|
| 710 |
2 |
|
|a Moravskoslezská akademie pro vzdělání, vědu a umění
|7 mzk2005280446
|
| 710 |
2 |
|
|a Moravské zemské muzeum (Brno, Česko)
|7 kn20010709060
|
| 910 |
2 |
|
|a BOA001
|b 2-1173.903
|
| 990 |
|
|
|a BK
|
| 995 |
|
|
|a 01
|
| 991 |
|
|
|b 200609
|c NOV
|
| 996 |
6 |
|
|b 2610287597
|c 2-1173.903
|l MZK
|r Sklad / do 1 hodiny
|n 41
|p p.v.
|w 000824585
|u 000010
|a 1
|e BOA001
|j MZK50
|s P
|